Statistiques concernant 100 acteurs cultes

Cliquez ici pour prendre le quiz!

Statistiques générales

  • Ce quiz a été pris 207 fois
  • Le résultat moyen est 24 sur 100

Statistiques - réponses

NuméroRéponse% Correct
3Brad Pitt
78%
2Leonardo Di Caprio
75%
1Tom Hanks
63%
10Robert De Niro
61%
15Tom Cruise
57%
67Al Pacino
54%
26Jean Dujardin
49%
6Morgan Freeman
48%
21Louis De Funes
46%
20Will Smith
46%
22Johnny Depp
45%
68George Clooney
41%
18Bruce Willis
39%
75Omar Sy
39%
24Sylvester Stallone
39%
25Christian Bale
38%
5Clint Eastwood
38%
86Gerard Depardieu
38%
32Matt Damon
37%
14Robert Downey Jr
37%
8Marlon Brando
36%
27Samuel L. Jackson
36%
46Chris Hemsworth
34%
13Denzel Washington
34%
53Anthony Hopkins
33%
4Jack Nicholson
33%
43Ryan Gosling
33%
61Chris Evans
32%
7Jim Carrey
32%
19Bradley Cooper
31%
54Harrison Ford
31%
16Hugh Jackman
31%
81Robin Williams
31%
30Tom Hardy
31%
36Ben Affleck
29%
55Jean Reno
29%
97Bourvil
28%
83John Travolta
28%
35Joaquin Phoenix
27%
49Sean Connery
25%
52Vin Diesel
25%
58Chris Pratt
24%
48Cillian Murphy
24%
64Daniel Craig
24%
60Jean-Paul Belmondo
24%
28Mark Ruffalo
24%
38Vincent Cassel
24%
65Arnold Schwarzenegger
22%
41Keanu Reeves
22%
39Mel Gibson
22%
42Robert Redford
22%
29Ryan Reynolds
22%
17Charlie Chaplin
21%
73Robert Pattinson
21%
62Daniel Radcliffe
20%
74Jean Gabin
20%
72Edward Norton
19%
57Jackie Chan
18%
23Matthew McConaughey
18%
44James Dean
17%
40Nicolas Cage
17%
95Thierry Lhermitte
16%
11Dustin Hoffman
15%
93Colin Firth
13%
94Daniel Auteuil
13%
77Jude Law
13%
87Lino Ventura
13%
63Russell Crowe
13%
100Kirk Douglas
12%
37Mark Wahlberg
12%
71Colin Farrell
11%
88Henry Cavill
11%
89Jean Rochefort
11%
56Kevin Costner
11%
85Pierre Richard
11%
99Alain Chabat
10%
84Ewan McGregor
10%
12Henry Fonda
10%
80James Stewart
10%
70Viggo Mortensen
10%
82Gene Hackman
8%
9Humphrey Bogart
8%
33Jacques Villeret
8%
98Ethan Hawke
7%
47Gary Cooper
7%
91Adrien Brody
6%
66Idris Elba
6%
90Ralph Fiennes
6%
79Bryan Cranston
5%
76Channing Tatum
5%
45Clark Gable
5%
96Mads Mikkelsen
5%
51Anthony Perkins
4%
34Benoît Poelvoorde
4%
69François Damiens
4%
59Gerard Butler
4%
92Vincent Lindon
4%
50Albert Dupontel
3%
31Gérard Darmon
3%
78William Holden
1%

Distribution des résultats

Percentile par nombre de réponses

% des personnes avec chaque résultat

Votre développement - résultats

Vous n’avez pas pris ce quiz